Score 0/9 Timer 02:00
0 Plays Today
% Correct
James Stewart as Shep
90.5%
Houdini as Pyewacket
90.5%
Jack Lemmon as Nicky
81%
Bek Nelson as Tina
81%
Kim Novak as Gil
76.2%
Elsa Lanchester as Queenie
76.2%
Ernie Kovacs as Sidney
71.4%
Janice Rule as Merle
66.7%
Hermione Gingold as Mrs De Pass
66.7%
Come Together.
Have Fun.
All Virtual.
We all need to come together. Play Sporcle's virtual live trivia to have fun, connect with people, and get your trivia on. Join a live hosted trivia game for your favorite pub trivia experience done virtually. If a virtual private party is more your thing, go here for details.

You're not logged in!

Compare scores with friends on all Sporcle quizzes.
OR
Log In

Sporcle TV

Today on Sporcle TV


Watch our educational content, quiz creation guides, and fun videos on Sporcle TV.

Show Comments

Extras

Top Quizzes Today


Score Distribution

Paid Content

Your Account Isn't Verified!

In order to create a playlist on Sporcle, you need to verify the email address you used during registration. Go to your Sporcle Settings to finish the process.

Report this User

Report this user for behavior that violates our Community Guidelines.

Details: